LOGO

Guardado en:
Detalles Bibliográficos
Autor principal: Schauer, Helmut
Formato: Libro
Lenguaje:alemán
Publicado: Wien Springer 1988
Edición:1. Aufl.
Etiquetas: Agregar Etiqueta
Sin Etiquetas, Sea el primero en etiquetar este registro!

MARC

LEADER 00000nam a2200000 4500
001 c025348
005 20221219111554.0
041 0 |a ger 
044 |a AT 
245 1 0 |a LOGO  |c Helmut Schauer 
250 |a 1. Aufl. 
264 1 |a Wien  |b Springer  |c 1988 
300 |a 306 s. 
100 1 |a Schauer, Helmut